| 000 | 01321nam a22003737a 4500 | ||
|---|---|---|---|
| 003 | CHAP | ||
| 005 | 20220817044215.0 | ||
| 008 | 080404d2003 es r 00110 spa d | ||
| 010 | _a94667 | ||
| 011 | _a95639 | ||
| 020 | _a8484761487 | ||
| 035 | _a106268 | ||
| 040 | _cCHAP | ||
| 082 | 0 | 4 |
_a631.4 _bP6 2003 |
| 100 | 0 | 0 |
_aPorta Casanellas, Jaime. _990966 |
| 245 | 1 | 0 |
_aEdafología : _bpara la agricultura y el medio ambiente _c/por Jaime Porta Casanellas, Marta López-Acevedo Reguerín y Carlos Roquero de Laburu |
| 250 | _a3 ed. rev. y amp. | ||
| 260 |
_aMadrid. : _bMundi-Prensa _c2003 |
||
| 300 |
_axxx, 929 p. : _bilus. ; gráfs. ; cuadros ; mapas |
||
| 590 |
_aBATCH-UPD _b10 _c20130110 _lUCH01 _h1515 |
||
| 590 |
_aBATCH-UPD _b10 _c20130410 _lUCH01 _h0930 |
||
| 590 |
_aBATCH-UPD _b10 _c20130914 _lUCH01 _h1934 |
||
| 590 |
_aCONVERSION _b10 _c20130109 _lUCH01 _h1352 |
||
| 650 | 1 | 4 |
_aSuelos agrícolas. _9110531 |
| 650 | 1 | 4 |
_aSuelos. _9110191 |
| 650 | 1 | 4 |
_aSuelos _xEcología. _9110343 |
| 650 | 1 | 4 |
_aSuelos _xMateria orgánica. _9110429 |
| 650 | 1 | 4 |
_aSuelos _xQuímica de. _9110470 |
| 700 | 0 | _aLópez-Acevedo Reguerín, Marta. | |
| 700 | 0 |
_aRoquero de Laburu, Carlos. _999818 |
|
| 901 | _aBK | ||
| 942 | _cLIBRO | ||
| 949 |
_a631.4 P6 2003 _bBC _cLIBRO _d33724002311454 _eLIBRO _gI.c/e. _h109426 _i106268 _si _t$1.072.00 |
||
| 999 |
_c94667 _d94667 |
||